Política y estrategia nacional de biodiversidad del Ecuador (Registro nro. 2485)

Detalles MARC
000 -CABECERA
Campo de control 00964cam a2200265 a 4500
005 - FECHA Y HORA DE LA ULTIMA TRANSACCION
Campo de control 20171107101625.0
008 - ELEMENTOS DE LONGITUD FIJA—INFORMACION GENERAL
Campo de control 040809s2001 ec ado r 000 0 spa d
015 ## - NATIONAL BIBLIOGRAPHY NUMBER
National bibliography number NNN
020 ## - ISBN
ISBN 9978417478
040 ## - FUENTE DE CATALOGACIÓN
Agencia catalogadora original CO-BoPUJ
Agencia transcriptora CO-BoIAVH
Agencia Modificadora CO-BoIAVH
041 0# - IDIOMA
Código de idioma para texto/pista de sonido o título separado Español
044 ## - PAÍS DE PUBLICACIÓN
País de publicación Ecuador
082 04 - NUMERO DE CLASIFICACION DECIMAL DEWEY
Número de clasificación 333.72
Número del ítem P77e
110 1# - ASIENTO PRINCIPAL--NOMBRE CORPORATIVO
Nombre corporativo o de jurisdicción como elemento de entrada Ecuador
Unidad subordinad Ministerio del Ambiente
9 (RLIN) 55050
245 10 - MENCION DE TITULO
Título Política y estrategia nacional de biodiversidad del Ecuador
Mención de responsabilidad Ministerio del Ambiente
260 ## - PUBLICACION, DISTRIBUCION, ETC. (PIE DE IMPRENTA)
Lugar de publicación, distribución, etc. Quito :
Nombre del editor, distribuidor, etc. EcoCiencia ,
Fecha de publicación, distribución, etc. 2001.
300 ## - DESCRIPCION FISICA
Extensión 111 páginas :
Otros detalles físicos ilustraciones, fotos y tablas ;
Dimensiones 30 x 22 cm.
504 ## - NOTA DE BIBLIOGRAFIA, ETC.
Nota de bibliografía Incluye referencias bibliográficas (páginas 100-101).
650 #4 - ASIENTO SECUNDARIO DE MATERIA - TERMINO TEMATICO
Término temático o nombre geográfico como elemento de entrada Protección del medio ambiente
Subdivisión geográfica Ecuador
9 (RLIN) 55051
650 #6 - ASIENTO SECUNDARIO DE MATERIA - TERMINO TEMATICO
Término temático o nombre geográfico como elemento de entrada Diversidad bioógica
Subdivisión geográfica Ecuador
9 (RLIN) 55052
650 #6 - ASIENTO SECUNDARIO DE MATERIA - TERMINO TEMATICO
Término temático o nombre geográfico como elemento de entrada Gestión ambiental
Subdivisión geográfica Ecuador
9 (RLIN) 55053
650 #6 - ASIENTO SECUNDARIO DE MATERIA - TERMINO TEMATICO
Término temático o nombre geográfico como elemento de entrada Política ambiental
Subdivisión geográfica Ecuador
9 (RLIN) 55054
710 2# - ASIENTO SECUNDARIO - NOMBRE CORPORATIVO
9 (RLIN) 7171
Nombre corporativo o de jurisdicción como elemento de entrada Fundación Ecuatoriana de Estudios Ecológicos
942 ## - ELEMENTOS ADICIONALES (KOHA)
Sistema de clasificación Dewey Decimal Classification
Tipo de ítem Libro
Existencias
Withdrawn status Lost status Sistema de Clasificación Damaged status No para préstamo Colección Inventariado Ubicación Permanente Ubicación actual Fecha de adquisición Fuente de Valor Valor Total Checkouts Número topográfico Inventario / Código de Barras Date last seen Ejemplar Price effective from Forma de adquisición Tipo de material
    Dewey Decimal Classification     General Inventariado 2017 Bogotá Bogotá 11/10/2001 Instituto 39000.00   LB-333.72 P77e 003081 04/12/2012 Ej. 1 04/12/2012   Libro
    Dewey Decimal Classification     General Inventariado 2017 Sala Fabio Quevedo Sala Fabio Quevedo 09/08/2004 Instituto 39000.00   LB-333.72 P77e 016493 04/12/2012 Ej. 2 04/12/2012 Donación Libro